000 00391nam a2200145Ia 4500
008 191201s2009 xx 000 0 und d
082 _a155
_bPIP
100 _aPILLAIAMARRI, Janardhana krishna
245 0 _aPractical Personality and Development
250 _aRep
260 _aChennai
_bScitech Publication Chennai and Hadrabad
_c2009
300 _aMISC
650 _aBBA
942 _2ddc
_cBK
999 _c4980
_d4980